Soft computing techniques for industrials automation (Record no. 12841)
[ view plain ]
| 000 -LEADER | |
|---|---|
| fixed length control field | 00521nam a22001337a 4500 |
| 008 - FIXED-LENGTH DATA ELEMENTS--GENERAL INFORMATION | |
| fixed length control field | 230322b |||||||| |||| 00| 0 eng d |
| 040 ## - CATALOGING SOURCE | |
| Original cataloging agency | National Science Library |
| Transcribing agency | National Science Library |
| 080 ## - UNIVERSAL DECIMAL CLASSIFICATION NUMBER | |
| Universal Decimal Classification number | D 681.3.02(082.2) |
| Item number | P8 |
| 245 ## - TITLE STATEMENT | |
| Title | Soft computing techniques for industrials automation |
| Statement of responsibility, etc. | / Department of Electrical and Electronics Engineering CSIR Sponsored seminar 15th-16th February, 2008 |
| 260 ## - PUBLICATION, DISTRIBUTION, ETC. | |
| Place of publication, distribution, etc. | Perundurai: |
| Name of publisher, distributor, etc. | Kongu Engineering College, |
| Date of publication, distribution, etc. | 2008 |
| 300 ## - PHYSICAL DESCRIPTION | |
| Extent | 134p. |
| 650 ## - SUBJECT ADDED ENTRY--TOPICAL TERM | |
| Topical term or geographic name entry element | Seminar |
| 942 ## - ADDED ENTRY ELEMENTS (KOHA) | |
| Source of classification or shelving scheme | Universal Decimal Classification |
| Koha item type | Seminar |
No items available.